Представление документа в формате RUSMARC

ПолеНазваниеЗначение
  Тип записи a
  Библиографический уровень m
001 Контрольный номер RU/SLIB/B/208745558
005 Дата корректировки 20260129142906.0
010 Индекс ISBN __
d Цена 3000-00; 4-00
101 Язык документа 0_
a Язык текста rus
200 Заглавие и сведения об ответственности 1_
a Заглавие Страны и народы
e Сведения, относящиеся к заглавию науч.-попул. географ.-этнограф. изд. : в 20 т.
b Общее обозначение материала Текст
i Наименование части Америка: Общий обзор Латинской Америки. Средняя Америка
210 Выходные данные 1_
a Место издания М.
c Издательство Мысль
d Дата издания 1981
215 Физическое описание __
a Объем 336 с.
c Иллюстрации/тип воспроизводства ил.
606 Тематические рубрики __
a Основная рубрика География
y Географическая подрубрика Америка; Латинская Америка; Средняя Америка
606 Тематические рубрики __
a Основная рубрика Страноведение
610 Ключевые слова 0_
a Ключевые слова географические названия; государства; народы; страны; этнография; популярная география; справочные материалы; справочная информация; справочная литература
686 Индексы других классификаций __
a Классификационный индекс 26.89(0)
686 Индексы других классификаций __
a Классификационный индекс 26.89(7); ст26.89(0) + ст26.89(7)
801 Источник записи _0
a Страна RU
b Организация Муниципальное бюджетное учреждение культуры "Централизованная библиотечная система" г. Сургут (Центральная городская библиотека им. А. С. Пушкина)
g Правила каталогизации КиК/Михайлова
801 Источник записи _1
a Страна RU
b Организация Муниципальное бюджетное учреждение культуры "Централизованная библиотечная система" г. Сургут (Центральная городская библиотека им. А. С. Пушкина)
g Правила каталогизации КиК/Михайлова
852 Данные о местонахождении __
j Шифр хранения 26.89(0)
c Каталожный индекс 26.89(0); 26.89(7)
i Авторский знак С 83
p Инвентарный номер 58830; 8047
901 Тип документа __
t Тип документа m
990 Данные о заказе (DOS) __
j Количество экземпляров (DOS) 2
t N записи в КСУ для И/У (DOS) 199601